Autobusová stanica
Na minha lista:
| Autor principal: | |
|---|---|
| Outros Autores: | |
| Formato: | Manuscrito Livro |
| Idioma: | eslovaco |
| Publicado em: |
2025
|
| Assuntos: | |
| Acesso em linha: | http://is.stuba.sk/zp/portal_zp.pl?podrobnosti=175952 CRZP |
| Tags: |
Sem tags, seja o primeiro a adicionar uma tag!
|
MARC
| LEADER | 00000ntm a22000003a 4500 | ||
|---|---|---|---|
| 001 | stuzp105087 | ||
| 003 | SK-STU | ||
| 005 | 20250721112740.9 | ||
| 007 | ta | ||
| 008 | 150427s2015----xo-----f-mn---000-0-slo-d | ||
| 040 | |a STU |b slo | ||
| 041 | 0 | |a slo | |
| 100 | 1 | |a Bresťáková, Pavlína |u 010180 |4 aut |U SvF Stavebná fakulta |T SvF Katedra konštrukcií pozemných stavieb |X 97639 |U V180 |Y 18 |7 97639 | |
| 242 | 0 | 1 | |a Bus station |y eng |
| 245 | 1 | 0 | |a Autobusová stanica |
| 260 | |c 2025 | ||
| 650 | 4 | |a reinforced concrete |2 eng | |
| 650 | 4 | |a lightweight floor slab |2 eng | |
| 650 | 4 | |a construction design project |2 eng | |
| 650 | 4 | |a bus station |2 eng | |
| 650 | 4 | |a realizačný projekt |2 slo | |
| 650 | 4 | |a autobusová stanica |2 slo | |
| 650 | 4 | |a železobetón |2 slo | |
| 650 | 4 | |a vyľahčená stropná doska |2 slo | |
| 700 | 1 | |a Jamnický, Martin |u 010180 |k Z1 |4 ths |U SvF Stavebná fakulta |T SvF Katedra konštrukcií pozemných stavieb |X 4052 |U V180 |Y 18 |7 A000004052 | |
| 856 | 4 | |u http://is.stuba.sk/zp/portal_zp.pl?podrobnosti=175952 | |
| 856 | 4 | |u https://opac.crzp.sk/?fn=detailBiblioForm&sid=226A7A544DA3649F67513CE9F6D0 |z CRZP | |